El español frente al bosque, la montaña y el mar (Record no. 171466)
[ view plain ]
| 000 -LEADER | |
|---|---|
| campo de control de longitud fija | 00740nam a22001815i 4500 |
| 001 - NÚMERO DE CONTROL | |
| campo de control | 171466 |
| 003 - IDENTIFICADOR DE NÚMERO DE CONTROL | |
| campo de control | ES-MaACL |
| 005 - FECHA Y HORA DE LA ÚLTIMA TRANSACCIÓN | |
| campo de control | 20230906214636.0 |
| 008 - DATOS DE LONGITUD FIJA--INFORMACIÓN GENERAL | |
| campo de control de longitud fija | 090518s1949 sp |||| | spa d |
| 080 ## - NÚMERO DE LA CLASIFICACIÓN DECIMAL UNIVERSAL | |
| Número de la Clasificación Decimal Universal | 821.134.2-4"19" |
| 100 1# - ENTRADA PRINCIPAL--NOMBRE DE PERSONA | |
| Nombre de persona | Solá, Víctor María de. |
| 9 (RLIN) | 140186 |
| 245 13 - MENCIÓN DEL TÍTULO | |
| Título | El español frente al bosque, la montaña y el mar |
| Resto del título | : ensayos / |
| Mención de responsabilidad, etc. | Víctor María de Solá ; prólogo de Excmo. Sr. D. Francisco Bastarreche y Diez de Bulnes ; epílogo del Excmo. Sr. D. Octavio Elorrieta y Artaza. |
| 260 ## - PUBLICACIÓN, DISTRIBUCIÓN, ETC. | |
| Lugar de publicación, distribución, etc. | Madrid : |
| Nombre del editor, distribuidor, etc. | [s.n.], |
| Fecha de publicación, distribución, etc. | 1949 ( |
| Fabricante | Afrodisio Aguado) |
| 300 ## - DESCRIPCIÓN FÍSICA | |
| Extensión | 266 p. ; |
| Dimensiones | 22 cm. |
| 700 1# - ENTRADA AGREGADA--NOMBRE PERSONAL | |
| Nombre de persona | Bastarreche y Diez de Bulnes, Francisco. |
| 9 (RLIN) | 140187 |
| 700 1# - ENTRADA AGREGADA--NOMBRE PERSONAL | |
| Nombre de persona | Elorrieta, Octavio. |
| 9 (RLIN) | 47087 |
| 852 ## - LOCALIZACIÓN | |
| Ubicación | ES-MaACL |
| Número de control de estantería | D-8035 |
| itemnumber | R.29685 |
| Estatus retirado | Estado de pérdida | Estado de daño | No para préstamo | Biblioteca de origen | Biblioteca actual | Ubicación en estantería | Fecha de adquisición | Fuente de adquisición | Total de préstamos | Signatura topográfica completa | Código de barras | Visto por última vez | Precio de reemplazo | Tipo de ítem Koha |
|---|---|---|---|---|---|---|---|---|---|---|---|---|---|---|
| Biblioteca del Ateneo de Madrid | Biblioteca del Ateneo de Madrid | Sala Valle Inclán | 18/05/2009 | D-8035 | 901179941 | 23/02/2023 | 23/02/2023 | Libro impreso |
